Every Country With Palm Trees - Statistics

General Stats
  • This quiz has been taken 56 times
  • The average score is 74 of 143
Answer Stats
Answer % Correct
Mexico
97%
United States of America
97%
Brazil
87%
Greece
87%
Spain
87%
Argentina
84%
Chile
84%
Cuba
84%
Portugal
84%
Venezuela
84%
Colombia
81%
Paraguay
81%
Peru
81%
Suriname
81%
Uruguay
81%
Antigua and Barbuda
77%
Belize
77%
Bolivia
77%
Dominican Republic
77%
Ecuador
77%
El Salvador
77%
France
77%
Guatemala
77%
Guyana
77%
Panama
77%
Saint Kitts and Nevis
77%
Saint Lucia
77%
Saint Vincent and the Grenadines
77%
Trinidad and Tobago
77%
Costa Rica
74%
Dominica
74%
Grenada
74%
Haiti
74%
Honduras
74%
Jamaica
74%
Bahamas
71%
Barbados
71%
Cyprus
71%
Nicaragua
71%
Albania
68%
Turkey
68%
Congo / Democratic Republic of the Congo
65%
Egypt
65%
Libya
65%
Malta
65%
Morocco
65%
Niger
65%
Algeria
61%
Mali
61%
Chad
58%
South Africa
58%
Angola
55%
Benin
55%
Congo / Republic of the Congo
55%
Eritrea
55%
Ghana
55%
Kenya
55%
Nigeria
55%
Tanzania
55%
Zambia
55%
Zimbabwe
55%
Australia
52%
China
52%
Ethiopia
52%
Japan
52%
Mauritania
52%
South Sudan
52%
Sudan
52%
Togo
52%
Gambia
48%
Guinea
48%
Guinea-Bissau
48%
India
48%
Madagascar
48%
Malawi
48%
Saudi Arabia
48%
Senegal
48%
Tunisia
48%
Burkina Faso
45%
Comoros
45%
Djibouti
45%
Gabon
45%
Iran
45%
Ivory Coast / Côte d'Ivoire
45%
Mozambique
45%
Namibia
45%
Oman
45%
Botswana
42%
Cape Verde / Cabo Verde
42%
Central African Republic
42%
Indonesia
42%
Iraq
42%
New Zealand
42%
Qatar
42%
São Tomé and Príncipe
42%
Syria
42%
Uganda
42%
Yemen
42%
Equatorial Guinea
39%
Israel
39%
Lebanon
39%
Pakistan
39%
Papua New Guinea
39%
Rwanda
39%
Sierra Leone
39%
Thailand
39%
Vietnam
39%
Bahrain
35%
Burundi
35%
Cameroon
35%
Laos
35%
Singapore
35%
Taiwan
35%
United Arab Emirates
35%
Eswatini
32%
Fiji
32%
Kuwait
32%
Liberia
32%
Brunei
29%
Cambodia
29%
Jordan
29%
Maldives
29%
Palau
29%
Philippines
29%
Samoa
29%
Sri Lanka
29%
Tonga
29%
Bangladesh
26%
Malaysia
26%
Marshall Islands
26%
Micronesia
26%
Myanmar
26%
Solomon Islands
26%
Tuvalu
26%
Vanuatu
26%
Bhutan
23%
Kiribati
23%
Nauru
23%
Timor-Leste / East Timor
23%
Nepal
19%
Uzbekistan
6%
Afganistan
0%
Somolia
0%
No matching quizzes found
Score Distribution
Percent of People with Each Score
Percentile by Number Answered
Your Score History
You have not taken this quiz